| 000 | 00813ngm a22002770a 4500 | ||
|---|---|---|---|
| 001 | PT8403 | ||
| 003 | AR-LpoUNG | ||
| 005 | 20210201232246.0 | ||
| 007 | co ||u|||uuuuu | ||
| 008 | 191001s1998||||sp |||||||||||||||||spa d | ||
| 020 | _a8423998045 | ||
| 040 |
_aAR-LpoUNG _bspa _cAR-LpoUNG _eaacr |
||
| 041 | _aspa | ||
| 044 | _asp | ||
| 082 | 0 | _aR403 545 | |
| 245 | 1 | 0 | _aDiccionario de la lengua española |
| 250 | _a21ª edición | ||
| 260 |
_aMadrid : _bEspasa Calpe, _c1998. |
||
| 505 | 0 | _aEdición electrónica con manual de instrucciones. Versión 1.1, compatible para: Windows 3.1, W 95, W 98, WNT, Macintosh, POwer PC OS/2 | |
| 650 | 4 | _aLEXICOGRAFIA | |
| 650 | 4 | _aMATERIAL DE REFERENCIA | |
| 650 | 4 | _aTERMINOLOGIA | |
| 710 | 2 | _aAcademia Española (Madrid) | |
| 905 | _a8403 | ||
| 942 | _cLSALA | ||
| 999 |
_c53143 _d53143 |
||